Practical Immunology/ (Record no. 19091)
[ view plain ]
| 000 -LEADER | |
|---|---|
| fixed length control field | 00428nam a22001697a 4500 |
| 008 - FIXED-LENGTH DATA ELEMENTS--GENERAL INFORMATION | |
| fixed length control field | 211103b |||||||| |||| 00| 0 eng d |
| 020 ## - INTERNATIONAL STANDARD BOOK NUMBER | |
| International Standard Book Number | 0865429611 |
| 050 ## - LIBRARY OF CONGRESS CALL NUMBER | |
| Classification number | QR183 |
| Item number | .H39 2002 |
| 100 ## - MAIN ENTRY--PERSONAL NAME | |
| Personal name | Hay, Frank C. |
| 245 ## - TITLE STATEMENT | |
| Title | Practical Immunology/ |
| Statement of responsibility, etc. | Frank C. Hay |
| 250 ## - EDITION STATEMENT | |
| Edition statement | 4th ed. |
| 260 ## - PUBLICATION, DISTRIBUTION, ETC. (IMPRINT) | |
| Place of publication, distribution, etc. | UK |
| Name of publisher, distributor, etc. | Blackwell |
| Date of publication, distribution, etc. | 2002 |
| 300 ## - PHYSICAL DESCRIPTION | |
| Extent | vii, 400p. |
| 650 ## - SUBJECT ADDED ENTRY--TOPICAL TERM | |
| Topical term or geographic name as entry element | Immunology |
| 700 ## - ADDED ENTRY--PERSONAL NAME | |
| Personal name | Westwood, Olwyn, M. R. |
| 942 ## - ADDED ENTRY ELEMENTS (KOHA) | |
| Source of classification or shelving scheme | Library of Congress Classification |
| Koha item type | General Collection |
| Withdrawn status | Lost status | Source of classification or shelving scheme | Not for loan | Home library | Current library | Date acquired | Cost, normal purchase price | Total Checkouts | Full call number | Barcode | Date last seen | Price effective from | Koha item type |
|---|---|---|---|---|---|---|---|---|---|---|---|---|---|
| Library of Congress Classification | Kabarak, Main Campus | Kabarak, Main Campus | 03/11/2021 | 9243.00 | QR183 .H39 2002 c.1 | 031197 | 03/11/2021 | 03/11/2021 | General Collection | ||||
| Library of Congress Classification | Kabarak, Main Campus | Kabarak, Main Campus | 03/11/2021 | 9243.00 | QR183 .H39 2002 c.2 | 031198 | 03/11/2021 | 03/11/2021 | General Collection |